| 000 | 01593nam0a2200397 4500 | ||
|---|---|---|---|
| 001 | RU\NLR\bibl\163162 | ||
| 005 | 20260408193331.0 | ||
| 010 |
_a5-88738-031-4 _9300 |
||
| 021 |
_aRU _b2001-9717 _9469 |
||
| 035 | _a(NLR Aleph) 000160045 | ||
| 090 |
_a920395 _c920395 |
||
| 100 | _a20010521d2000 u y0rusy50 ca | ||
| 101 | 0 | _arus | |
| 102 | _aRU | ||
| 105 | _ay ||||||||| | ||
| 200 | 1 |
_aAMS-TEX. Краткий курс математического набора _fС. В. Клименко, М. В. Лисина, Н. М. Фомина _gРФФИ |
|
| 210 |
_aПротвино _cГос. науч. центр - Ин-т физики высоких энергий _d2000 |
||
| 215 |
_a143 с. _d24 |
||
| 225 | 1 | _aТехническая библиотека | |
| 320 | _aПредм. указ.: с. 127-142 | ||
| 606 | 0 |
_aAMS-TEX, издательская система _92209372 _3RU\NLR\auth\661327271 |
|
| 606 |
_aМатематические формулы _xНабор (типогр.) _xАвтоматизация _92209805 _3RU\NLR\auth\661327517 |
||
| 610 | 0 | _aФормулы (мат.) - Набор автоматический | |
| 675 |
_a004.223.2:51 _v3 _zrus |
||
| 686 |
_a50 _2rugasnti |
||
| 686 |
_a32.973.26-02 _2rubbk |
||
| 686 | _aМ801.125-5-05 | ||
| 700 | 1 |
_aКлименко _gСтанислав Владимирович _4070 |
|
| 701 | 1 |
_aЛисина _bМ. В. _4070 |
|
| 701 | 1 |
_aФомина _bН. М. _4070 |
|
| 801 | 0 |
_aRU _bRKP _c20010521 _gPSBO |
|
| 801 | 1 |
_aRU _bRKP _c20010521 |
|
| 801 | 2 |
_aRU _bNLR _c20010703 _grcr |
|
| 942 | _cBOOK | ||
| 980 | _aNB | ||